Catálogo - Centro de Recursos para el Aprendizaje y la Investigación
Volver al Sitio - CRAI Biblioteca| 000 -CABECERA | |
|---|---|
| campo de control de longitud fija | 01802nam a2200301 4500 |
| 001 - NÚMERO DE CONTROL | |
| campo de control | 113453 |
| 003 - IDENTIFICADOR DEL NÚMERO DE CONTROL | |
| campo de control | DR-UNIBE |
| 005 - FECHA Y HORA DE LA ÚLTIMA TRANSACCIÓN | |
| campo de control | 20250416093554.0 |
| 008 - DATOS DE LONGITUD FIJA--INFORMACIÓN GENERAL | |
| campo de control de longitud fija | 250415b2010 ec ||||| |||| 00| 0 spa d |
| 020 ## - NÚMERO INTERNACIONAL ESTÁNDAR DEL LIBRO | |
| Número Internacional Estándar del Libro | 9789942030870 |
| 040 ## - FUENTE DE LA CATALOGACIÓN | |
| Centro catalogador/agencia de origen | BIBLIOTECA UNIBE |
| Lengua de catalogación | spa |
| Centro/agencia transcriptor | BIBLIOTECA UNIBE |
| Normas de descripción | rda |
| 041 ## - CÓDIGO DE LENGUA | |
| Código de lengua del texto/banda sonora o título independiente | spa |
| 082 ## - NÚMERO DE LA CLASIFICACIÓN DECIMAL DEWEY | |
| Número de edición | 22 |
| Número de clasificación | 342 P299d |
| 100 #0 - ENTRADA PRINCIPAL--NOMBRE DE PERSONA | |
| Nombre de persona | Pazmiño Freire, Patricio, |
| Fechas asociadas al nombre | 1957- |
| Forma completa/desarrollada del nombre | (Pazmiño Freire, Leoncio Patricio) |
| Término indicativo de función/relación | autor |
| 9 (RLIN) | 194262 |
| 245 10 - MENCIÓN DE TÍTULO | |
| Título | Descifrando caminos : |
| Resto del título | Del activismo social a la Justicia Constitucional / |
| Mención de responsabilidad, etc. | Patricio Pazmiño Freire; presentación: Adrián Bonilla Soria; edición: Santiago Rubio; diseño de portada e interiores: Antonio Mena |
| 250 ## - MENCIÓN DE EDICIÓN | |
| Mención de edición | Primera edición |
| 260 ## - PUBLICACIÓN, DISTRIBUCIÓN, ETC. | |
| Lugar de publicación, distribución, etc. | Quito: |
| Nombre del editor, distribuidor, etc. | FLACSO Ecuador, |
| Fecha de publicación, distribución, etc. | 2010 |
| 300 ## - DESCRIPCIÓN FÍSICA | |
| Extensión | 231 páginas : |
| Dimensiones | 20 x 14 cm |
| 500 ## - NOTA GENERAL | |
| Nota general | Información del autor en las solapas |
| 505 ## - NOTA DE CONTENIDO CON FORMATO | |
| Nota de contenido con formato | Presentación |<br/>Prólogo |<br/>Agradecimientos |<br/>Capítulo I. Los derechos económicos sociales y culturales (DESC) y las instituciones financieras internacionales: una relación compleja |<br/>Capítulo II. La Constitución como instrumento de transformación |<br/>Capítulo III. La participación ciudadana y la transformación profunda, pacífica y democracia |<br/>Capítulo IV. Derechos controversiales en una democracia constitucional |<br/>Capítulo V. La justiciabilidad de los derechos constitucionales:¿meta o camino? |<br/>Capítulo VI. Debare urgente para una democracia emergente. Dialogando con el neopositivismo |<br/>Bibliografía |<br/>Anexos<br/> |
| 650 #7 - PUNTO DE ACCESO ADICIONAL DE MATERIA--TÉRMINO DE MATERIA | |
| Fuente del encabezamiento o término | lemb |
| Término de materia o nombre geográfico como elemento de entrada | Derecho constitucional |
| 650 #7 - PUNTO DE ACCESO ADICIONAL DE MATERIA--TÉRMINO DE MATERIA | |
| Fuente del encabezamiento o término | lemb |
| Término de materia o nombre geográfico como elemento de entrada | Derechos humanos |
| 650 #7 - PUNTO DE ACCESO ADICIONAL DE MATERIA--TÉRMINO DE MATERIA | |
| Fuente del encabezamiento o término | lemb |
| Término de materia o nombre geográfico como elemento de entrada | Derechos civiles |
| 700 10 - PUNTO DE ACCESO ADICIONAL--NOMBRE DE PERSONA | |
| Nombre de persona | Bonilla Soria, Adrián |
| 9 (RLIN) | 194263 |
| Término indicativo de función/relación | presentador |
| 700 10 - PUNTO DE ACCESO ADICIONAL--NOMBRE DE PERSONA | |
| Nombre de persona | Rubio, Santiago |
| 9 (RLIN) | 194264 |
| Término indicativo de función/relación | editor |
| 700 10 - PUNTO DE ACCESO ADICIONAL--NOMBRE DE PERSONA | |
| Nombre de persona | Mena, Antonio |
| 9 (RLIN) | 194265 |
| Término indicativo de función/relación | diseñador de portada |
| 942 ## - ELEMENTOS DE PUNTO DE ACCESO ADICIONAL (KOHA) | |
| Fuente del sistema de clasificación o colocación | Sistema de Clasificación Decimal Dewey |
| Tipo de ítem Koha | Libro (general) |
| Estado de retiro | Estado de pérdida | Fuente del sistema de clasificación o colocación | No para préstamo | Código de colección | Localización permanente | Fecha de adquisición | Total de préstamos | Signatura topográfica completa | Código de barras | Fecha visto por última vez | Número de copia | Precio válido a partir de | Tipo de ítem Koha |
|---|---|---|---|---|---|---|---|---|---|---|---|---|---|
| Disponible | Sistema de Clasificación Decimal Dewey | General | Biblioteca Central UNIBE | 03/03/2025 | 342 P299d | 250361 | 15/04/2025 | Ej. 1 | 15/04/2025 | Libro (general) |